000 01575nam a2200493 i 4500
001 23519
003 KOSZ 005
005 20210920143709.0
008 010509s1976 pl a f |001 0 pol
015 _aPB 1977/1098
035 _a991016108709705066
035 _a(PL-WaBN)b14324581-48omnis_nlop
035 _ab14324581
035 _a(OCoLC)830244474
035 _a(PL)b0000001432458
035 _a(EXLNZ-48OMNIS_NETWORK)9910472964305606
040 _aWA N
_cWA N
_dKOSZ 005/EC
041 0 _apol
046 _k1976
080 _a72.03/75.03(438)"15/16"
080 _a(084.1)
100 1 _aKozakiewiczowa, Helena
_eAutor
245 1 0 _aRenesans w Polsce /
_cHelena i Stefan Kozakiewiczowie.
260 _aWarszawa :
_b"Arkady",
_c1976.
300 _a330, [4] s., [2] k. tabl. :
_bil. (w tym kolor.), mapa, portr. ;
_c32 cm.
380 _aKsiążki
388 _a1901-2000
388 _a1945-1989
490 1 _aMonografie Epok Artystycznych
504 _aBibliogr. Indeksy.
648 4 _a1601-1700
_2DBN
648 4 _a1501-1600
_2DBN
650 4 _aRenesans
_2DBN
650 4 _aHistoria sztuki
651 7 _aPolska
655 7 _aSztuka polska
658 _aKultura i sztuka
700 1 _aKozakiewicz, Stefan
_d(1914-1974)
_eAutor
710 2 _aWydawnictwo "Arkady".
_4pbl.
830 0 _aMonografie Epok Artystycznych
856 _uhttp://koha.tu.koszalin.pl/cgi-bin/koha/opac-detail.pl?biblionumber=23519
_yKatalog online BPK
942 _2UKD
_cKS
999 _c23519
_d23519